| 000 | 01023nam a2200337 4500 | ||
|---|---|---|---|
| 001 | 0057185 | ||
| 003 | DO-SdBNP | ||
| 005 | 20180205153913.0 | ||
| 007 | 0057185 | ||
| 008 | 891031s1987 sp spa | ||
| 015 | _a | ||
| 016 | 7 |
_a _z _2BPMSU |
|
| 017 |
_a _b |
||
| 020 | _a8474618584 | ||
| 035 | _a | ||
| 040 |
_aBPMSU _bspa _cBPMSU _e |
||
| 080 | 0 | _a | |
| 100 | 1 |
_aDaudet, Alphonse _d1840-1897 |
|
| 240 | 1 | 0 |
_aTartarin de Tarascon _lespañol |
| 245 | 1 | 0 |
_aTartarín de Tarascón ; Tartarín en los alpes / _h _c Alphonse Daudet ; traducción de Pedro Darnell. |
| 246 | 1 | 3 | _aTartarín en los alpes |
| 260 | 1 |
_aMadrid : _bClub Internacional del Libro _c1987 |
|
| 300 |
_a286 p. : _bil., _c20 cm |
||
| 490 | _3Obras maestras de la novela de aventura | ||
| 700 |
_aDarnell, Pedro, _etr. |
||
| 740 | _aTartarín en los Alpes. | ||
| 852 | _3Obras maestras de la novela de aventura | ||
| 942 |
_2ddc _cBK |
||
| 945 | _aInventariado, 2018/ YL | ||
| 956 |
_aVMATEO _210 _320160407 _6 BPMSU _80069 |
||
| 999 |
_c9639 _d9639 |
||